000 00362nam a2200157Ia 4500
008 151213s9999 xx 000 0 und d
020 _a984-3000027025
100 _aU G C
245 _a35 Annual Report 2008
_cU G C
260 _aDhaka
_bU G C
_c2009
300 _a7309 p.
650 _aAnnual Report
650 _aReference
700 _aU G C
999 _c3879
_d3879